000 00662cam a22002411 4500
001 sa 64002062
003 DLC
005 20260227112007.0
008 891229s1962 ii b 000 0 hino
010 _asa 64002062
035 _a(OCoLC)20835590
040 _aDLC
_cWaU
_dDLC
042 _apremarc
050 0 0 _aPK2095.N33
_bB5 1962
100 2 _aNarapati Nālha,
_dactive 12th century.
245 1 0 _aBīsaladeva rāso.
260 _c[1962]
300 _a8, 212, [1] p.
_c24 cm.
500 _aIn Hindi.
504 _aBibliography: p. [209]-[213]
600 0 0 _aVigraha Raja,
_bIV,
_cKing of Ajmer,
_dactive 1001
_vPoetry.
700 1 _aAgrawal, Tarak Nath.
999 _c57145
_d57145